Born with the century / (Запис № 476028)

МАРК-запис
000 -LEADER
fixed length control field 01202cam a2200277Ia 4500
001 - CONTROL NUMBER
control field bornwithcentury00kins
003 - CONTROL NUMBER IDENTIFIER
control field CaSfIA
005 - DATE AND TIME OF LATEST TRANSACTION
control field 20210117221438.0
007 - PHYSICAL DESCRIPTION FIXED FIELD--GENERAL INFORMATION
fixed length control field cr||||
008 - FIXED-LENGTH DATA ELEMENTS--GENERAL INFORMATION
fixed length control field 860617s1979 nyu 000 1 eng d
040 ## - CATALOGING SOURCE
Original cataloging agency CLE
Transcribing agency CLE
Modifying agency IUP
-- OCLCQ
-- JBO
-- CaSfIA
019 ## -
-- 5388128
035 ## - SYSTEM CONTROL NUMBER
System control number (OCoLC)13737275
Canceled/invalid control number (OCoLC)5388128
050 14 - LIBRARY OF CONGRESS CALL NUMBER
Classification number PS3561.I58
Item number B67 1979b
082 04 - DEWEY DECIMAL CLASSIFICATION NUMBER
Classification number 813/.5/4
Edition number 19
100 1# - MAIN ENTRY--PERSONAL NAME
Personal name Kinsolving, William.
245 10 - TITLE STATEMENT
Title Born with the century /
Medium [electronic resource]
Statement of responsibility, etc by William Kinsolving.
250 ## - EDITION STATEMENT
Edition statement [Book Club ed.].
260 ## - PUBLICATION, DISTRIBUTION, ETC. (IMPRINT)
Place of publication, distribution, etc New York :
Name of publisher, distributor, etc Putnam,
Date of publication, distribution, etc c1979.
300 ## - PHYSICAL DESCRIPTION
Extent 478 p. ;
Dimensions 22 cm.
506 ## - RESTRICTIONS ON ACCESS NOTE
Standardized terminology for access restriction Необхідна авторизація на https://archive.org/ (створення облікового запису безкоштовно)
506 ## - RESTRICTIONS ON ACCESS NOTE
Standardized terminology for access restriction Необхідна авторизація на https://openlibrary.org/ (створення облікового запису безкоштовно)
856 41 - ELECTRONIC LOCATION AND ACCESS
Uniform Resource Identifier <a href="http://www.archive.org/details/bornwithcentury00kins">http://www.archive.org/details/bornwithcentury00kins</a>
Public note Free eBook from the Internet Archive
856 42 - ELECTRONIC LOCATION AND ACCESS
Uniform Resource Identifier <a href="http://www.openlibrary.org/books/OL24202131M">http://www.openlibrary.org/books/OL24202131M</a>
Public note Additional information and access via Open Library
942 ## - ADDED ENTRY ELEMENTS (KOHA)
Koha item type ЕКнига

Немає доступних примірників.